Stati della Lega Araba - Statistics

Statistiche generali
  • Questo quiz è stato fatto 55 volte
  • Il punteggio medio è 18 su 22
Statistiche sulle risposte
Anno di adesione Stato % Corretto
1962 Algeria
100%
1945 Arabia Saudita
100%
Egitto
97%
1953 Libia
97%
1958 Marocco
97%
Libano
94%
Oman
94%
Yemen
94%
1971 Emirati Arabi Uniti
92%
Iraq
92%
Tunisia
92%
Qatar
86%
Siria
83%
Giordania
81%
1973 Mauritania
72%
1976 Palestina
72%
1956 Sudan
72%
1961 Kuwait
69%
1974 Somalia
69%
Bahrein
61%
1977 Gibuti
61%
1993 Comore
28%
Nessun quiz corrispondente trovato
Distribuzione punteggi
Percentuale di utenti per punteggio
Percentile per numero di risposta
I tuoi punteggi nel tempo
Non hai fatto questo quiz